Match the Character to the Film #2 - Statistics

General Stats
  • This quiz has been taken 22 times
  • The average score is 17 of 21
Answer Stats
Hint Answer % Correct
Jack Sparrow Pirates of the Caribbean (2003)
100%
Patrick Bateman American Psycho (2000)
91%
John McClane Die Hard (1988)
91%
Kevin McCallister Home Alone (1990)
91%
Hans Landa Inglorious Basterds (2009)
91%
Anton Chigurh No Country for Old Men (2007)
91%
James Ryan Saving Private Ryan (1998)
91%
Ron Burgundy Anchorman (2004)
86%
Tony Montana Scarface (1983)
86%
Michael Myers Halloween (1978)
82%
Norman Bates Psycho (1960)
82%
Andy Dufrense The Shawshank Redemption (1994)
82%
Clarice Starling The Silence of the Lambs (1991)
82%
Ethan Hunt Mission: Impossible (1996)
77%
John Doe Se7en (1995)
77%
Travis Bickle Taxi Driver (1976)
77%
Lloyd Christmas Dumb and Dumber (1994)
68%
Jason Voorhees Friday the 13th (1980)
68%
Regina George Mean Girls (2004)
68%
Nina Sayers Black Swan (2010)
55%
Annie Wilkes Misery (1990)
55%
No matching quizzes found
Score Distribution
Percent of People with Each Score
Percentile by Number Answered
Your Score History
You have not taken this quiz